Statistics for The 30 Biggest Cities in Germany

Click here to take the quiz!

General Stats

  • This quiz has been taken 1,264 times
  • The average score is 21 of 30

Answer Stats

StatePop.Answer% Correct
-3,460,725Berlin
100%
Bavaria1,353,186Munich/München
99%
-1,786,448Hamburg
98%
Hesse679,664Frankfurt am Main
96%
Northrine-Westphalia1,007,119Cologne/Köln
95%
Baden-Württemberg606,588Stuttgart
93%
Northrine-Westphalia588,735Düsseldorf
92%
Saxony523,058Dresden
91%
-547,34Bremen
89%
Lower Saxony522,686Hanover/Hannover
85%
Northrine-Westphalia580,444Dortmund
84%
Saxony522,883Leipzig
83%
Bavaria505,664Nuremberg/Nürnberg
82%
Northrine-Westphalia574,635Essen
81%
Northrine-Westphalia324,899Bonn
78%
Schleswig-Holstein239,526Kiel
70%
Baden-Württemberg313,174Mannheim
64%
Northrine-Westphalia489,599Duisburg
60%
Northrine-Westphalia374,737Bochum
56%
Northrine-Westphalia323,27Bielefeld
55%
Bavaria264,708Augsburg
55%
Baden-Württemberg294,761Karlsruhe
54%
Northrine-Westphalia258,664Aachen
54%
Northrine-Westphalia349,721Wuppertal
52%
Northrine-Westphalia279,803Münster
50%
Hesse275,976Wiesbaden
49%
Northrine-Westphalia257,981Gelsenkirchen
47%
Northrine-Westphalia257,993Mönchengladbach
44%
Saxony243,248Chemnitz
41%
Lower Saxony248,867Brunswick/Braunschweig
36%

Score Distribution

Percentile by Number Answered

Percent of People with Each Score

Your Score History

You have not taken this quiz